Eerdman's handbook to the history of Christianity. (Record no. 17578)

000 -LEADER
fixed length control field 03287nam a2200517 a 4500
001 - CONTROL NUMBER
control field :::00018985$&:&@@
003 - CONTROL NUMBER IDENTIFIER
control field OkBaRHE
005 - DATE AND TIME OF LATEST TRANSACTION
control field 20100331115341.0
008 - FIXED-LENGTH DATA ELEMENTS--GENERAL INFORMATION
fixed length control field s1977 j 000 0 eng u
040 ## - CATALOGING SOURCE
Transcribing agency
952 ## - LOCATION AND ITEM INFORMATION (KOHA)
-- BR
952 ## - LOCATION AND ITEM INFORMATION (KOHA)
-- BR
952 ## - LOCATION AND ITEM INFORMATION (KOHA)
-- BR
952 ## - LOCATION AND ITEM INFORMATION (KOHA)
-- BR
952 ## - LOCATION AND ITEM INFORMATION (KOHA)
-- BR
952 ## - LOCATION AND ITEM INFORMATION (KOHA)
-- BR
952 ## - LOCATION AND ITEM INFORMATION (KOHA)
-- BR
952 ## - LOCATION AND ITEM INFORMATION (KOHA)
-- BR
952 ## - LOCATION AND ITEM INFORMATION (KOHA)
-- BR
952 ## - LOCATION AND ITEM INFORMATION (KOHA)
-- BR
952 ## - LOCATION AND ITEM INFORMATION (KOHA)
-- BR
952 ## - LOCATION AND ITEM INFORMATION (KOHA)
-- BR
952 ## - LOCATION AND ITEM INFORMATION (KOHA)
-- BR
952 ## - LOCATION AND ITEM INFORMATION (KOHA)
-- BR
952 ## - LOCATION AND ITEM INFORMATION (KOHA)
-- BR
952 ## - LOCATION AND ITEM INFORMATION (KOHA)
-- BR
952 ## - LOCATION AND ITEM INFORMATION (KOHA)
-- BR
952 ## - LOCATION AND ITEM INFORMATION (KOHA)
-- BR
952 ## - LOCATION AND ITEM INFORMATION (KOHA)
-- BR
952 ## - LOCATION AND ITEM INFORMATION (KOHA)
-- BR
952 ## - LOCATION AND ITEM INFORMATION (KOHA)
-- BR
952 ## - LOCATION AND ITEM INFORMATION (KOHA)
-- BR
952 ## - LOCATION AND ITEM INFORMATION (KOHA)
-- BR
952 ## - LOCATION AND ITEM INFORMATION (KOHA)
-- BR
952 ## - LOCATION AND ITEM INFORMATION (KOHA)
-- BR
952 ## - LOCATION AND ITEM INFORMATION (KOHA)
-- BR
100 1# - MAIN ENTRY--PERSONAL NAME
Personal name Dowley, Tim.
245 10 - TITLE STATEMENT
Title Eerdman's handbook to the history of Christianity.
Statement of responsibility, etc Organizing editor, Tim Dowley ; consulting editors, John H. Y. Briggs, Robert D. Linder, David F. Wright.
250 ## - EDITION STATEMENT
Edition statement 1st American ed.
260 ## - PUBLICATION, DISTRIBUTION, ETC. (IMPRINT)
Place of publication, distribution, etc Grand Rapids, MI., :
Name of publisher, distributor, etc Eerdmans
Date of publication, distribution, etc 1977
300 ## - PHYSICAL DESCRIPTION
Extent xxiv, 656 p. : some col. illus. ;
Dimensions 23 cm.
500 ## - GENERAL NOTE
General note 20
500 ## - GENERAL NOTE
General note Includes index.
650 ## - SUBJECT ADDED ENTRY--TOPICAL TERM
Topical term or geographic name as entry element Church History
General subdivision Handbooks, Manuals, etc.
942 ## - ADDED ENTRY ELEMENTS (KOHA)
Source of classification or shelving scheme
Koha item type Books
Copies
Damaged status Date checked out Date acquired Price effective from Copy number Withdrawn status Source of classification or shelving scheme Lost status Barcode Date last seen Current Location Total Checkouts Not for loan Collection code Permanent Location Koha item type Shelving location Serial Enumeration / chronology
  2010-04-142010-04-141   189852010-04-14    RHEMA Bible Training CollegeBooksGeneral Stacks1977
  2010-04-142010-04-141   189862010-04-14    RHEMA Bible Training CollegeBooksGeneral Stacks1977
  2010-04-142010-04-141   189872010-04-14    RHEMA Bible Training CollegeBooksGeneral Stacks1977
  2010-04-142010-04-141   189892010-04-14    RHEMA Bible Training CollegeBooksGeneral Stacks1977
  2010-04-142010-04-141   189982010-04-14    RHEMA Bible Training CollegeBooksGeneral Stacks1977
  2010-04-142010-04-141   189992010-04-14    RHEMA Bible Training CollegeBooksGeneral Stacks1977
  2010-04-142010-04-141   190002010-04-14    RHEMA Bible Training CollegeBooksGeneral Stacks1977
  2010-04-142010-04-141   190032010-04-14    RHEMA Bible Training CollegeBooksGeneral Stacks1977
  2010-04-142010-04-141   190042010-04-14    RHEMA Bible Training CollegeBooksGeneral Stacks1977
  2010-04-142010-04-141   209712010-04-14    RHEMA Bible Training CollegeBooksGeneral Stacks1977
  2010-04-142010-04-141   209722010-04-14    RHEMA Bible Training CollegeBooksGeneral Stacks1977
  2010-04-142010-04-141   209732010-04-14    RHEMA Bible Training CollegeBooksGeneral Stacks1977
  2010-04-142010-04-141   209742010-04-14    RHEMA Bible Training CollegeBooksGeneral Stacks1977
  2010-04-142010-04-141   209772010-04-14    RHEMA Bible Training CollegeBooksGeneral Stacks1977
  2010-04-142010-04-141   209782010-04-14    RHEMA Bible Training CollegeBooksGeneral Stacks1977
  2010-04-142010-04-141   209792010-04-14    RHEMA Bible Training CollegeBooksGeneral Stacks1977
  2010-04-142010-04-141   209802010-04-14    RHEMA Bible Training CollegeBooksGeneral Stacks1977
  2010-04-142010-04-141   209822010-04-14    RHEMA Bible Training CollegeBooksGeneral Stacks1977
  2010-04-142010-04-141   209832010-04-14    RHEMA Bible Training CollegeBooksGeneral Stacks1977
  2010-04-142010-04-141   209842010-04-14    RHEMA Bible Training CollegeBooksGeneral Stacks1977
  2010-04-142010-04-141   209882010-04-14    RHEMA Bible Training CollegeBooksGeneral Stacks1977
  2010-04-142010-04-141   210192010-04-14    RHEMA Bible Training CollegeBooksGeneral Stacks1977
  2010-04-142010-04-141   210202010-04-14    RHEMA Bible Training CollegeBooksGeneral Stacks1977
  2010-04-142010-04-141   210212010-04-14    RHEMA Bible Training CollegeBooksGeneral Stacks1977
 2017-02-082010-04-142010-04-141   209852017-02-08RHEMA Bible Training College1  RHEMA Bible Training CollegeBooksGeneral Stacks1977
 2013-12-162010-04-142010-04-141   209872013-12-16RHEMA Bible Training College2  RHEMA Bible Training CollegeBooksGeneral Stacks1977